LEADER 01223nam a2200301 u 4500 001 000000028949 003 CaOOAMICUS 005 20070226111847.0 008 961202c1994 it u000 u ita u 020 $a8814044058 035 $a10746913 040 $aMSA$bita 100 1 $aVitali, Enrico.$0(OLS)http://pul/name/23496 245 13$aIl matrimonio canonico /$cEnrico Vitali, Salvatore Berlingò. 260 $aMilano :$bGiuffrè,$cc1994. 300 $axi, 249 p. ;$c24 cm 650 4$aMatrimonio (diritto canonico).$0(OLS)http://pul/subject/475 700 1 $aBerlingò, Salvatore.$0(OLS)http://pul/name/23497 850 $aPUL 852 $aPUL$W1$xSL Diritto Canonico 1$y5$m152 B 138$j40155$nBK-PRI$b $qStampati$B40155$CPULBib$Z2$F40155 $81 852 $aPUL$W1$xDP1 Fondo G. Barberini$y122$m3 B 68$j162924$nBK-PRI$b 2 copia$qFondi$B178708$CPULBib$Z2$F178708 $HBar2006 $81 941 1 $a8 941 1 $a1 960 $aDiritto matrimoniale canonico$9475 961 $aINV: 72041 996 $6020$a8814044058$9(OLS)http://pul/number/36031 996 $6245$aIl matrimonio canonico$9(OLS)http://pul/title/39558 996 $6260$aMilano :$bGiuffrè$9(OLS)http://pul/publisher/48401 LEADER 02344nam a2200433 u 4500 001 000000056472 003 CaOOAMICUS 005 20070226120458.0 008 790329s1974 ne u000 u fre u 020 $a9024716616 035 $a10876563 040 $aPica$bdut$dPUL(R) 041 0 $afre$alat$aita 082 00$aB 082 00$a284/.84/0924 098 $aNL-B7504417 100 1 $aQuesnel, Pasquier,$cC.Or.,$d1634-1719.$0(OLS)http://pul/name/39603 240 10$aLettere$9(Quesnel, Pasquier, C.Or., 1634-1719).$0(OLS)http://pul/title/75533 245 10$aPasquier Quesnel devant la Congrégation de l'Index :$bcorrespondance avec Francesco Barberini et mémoires sur la mise à l'Index de son édition des oeuvres de Saint Léon, publiés avec introduction et annotations /$cpar J.A.G. Tans et H. Schmitz Du Moulin. 260 $aLa Haye :$bNijhoff,$cc1974. 300 $axlv, 156 p ;$c24 cm 490 1 $aArchives internationales d'histoire des idées ;$v71 500 $aContiene indice. 504 $aBibliografia in nota. 600 14$aQuesnel, Pasquier,$cC.Or.,$d1634-1719$xCorrispondenza.$0(OLS)http://pul/subject/22709 600 14$aBarberini, Francesco,$ccard.,$d1597-1679$xCorrispondenza.$0(OLS)http://pul/subject/22710 700 1 $aSchmitz Du Moulin, H.$0(OLS)http://pul/name/39606 700 1 $aTans, J.A.G.,$d1914-1992.$0(OLS)http://pul/name/39605 700 12$aBarberini, Francesco,$ccard.,$d1597-1679.$tLettere$9(Barberini, Francesco, card., 1597-1679).$0(OLS)http://pul/name/39604 830 0$aArchives internationales d'histoire des idées ;$v71.$0(OLS)http://pul/title/11182 850 $aPUL 852 $aPUL$W1$xSL Religione 1$y3$m75 E 32$j74072$nBK-PRI$b $qStampati$B74072$CPULBib$Z2$F74072 $H $81 941 1 $a8 961 $aINV: 53684 996 $6020$a9024716616$9(OLS)http://pul/number/71226 996 $6082$aB$9(OLS)http://pul/classification/340 996 $6082$a284/.84/0924$9(OLS)http://pul/classification/341 996 $6245$aPasquier Quesnel devant la Congrégation de l'Index :$bcorrespondance avec Francesco Barberini et mémoires sur la mise à l'Index de son édition des oeuvres de Saint Léon, publiés avec introduction et annotations$9(OLS)http://pul/title/75534 996 $6260$aLa Haye :$bNijhoff$9(OLS)http://pul/publisher/48432